000 00271nam a22001097a 4500
008 230704b xxu||||| |||| 00| 0 eng d
082 _a362.196
_bUNICEF 2001
245 _aChild Workers in the Shadow of AIDS
260 _bUNICEF
_c2001
300 _aV,101p
942 _2ddc
_cBK
999 _c3872
_d3872